[Event "AUTO-INT-1381"]
[Site "http://www.queenalice.com/game.php?id=681591"]
[Date "2009.11.12"]
[Round "2"]
[White "anax"]
[Black "hamid1"]
[Result "0-1"]
[WhiteElo "1821"]
[BlackElo "1656"]

1. d4 d5 2. e3 Nf6 3. Bd3 Bg4 4. Nf3 e6 5. Ne5 Bxd1 6. Kxd1 Ne4 7. Bxe4 dxe4 8.
a3 f6 9. Nc4 e5 10. c3 c5 11. Ke2 exd4 12. cxd4 cxd4 13. Rd1 d3+ 14. Kf1 b5 15.
Ncd2 Qc7 16. Kg1 f5 17. Nc3 Qe5 18. Rb1 Bd6 19. f3 Qxh2+ 20. Kf1 Nc6 21. Nxb5
Be7 22. b4 g5 23. Bb2 O-O 24. Rbc1 a6 25. Nd4 Nxd4 26. Bxd4 g4 27. f4 Qh1+ 28.
Kf2 g3+ 0-1

[Event "AUTO-INT-1381"]
[Site "http://www.queenalice.com/game.php?id=681592"]
[Date "2009.11.12"]
[Round "2"]
[White "hamid1"]
[Black "anax"]
[Result "1-0"]
[WhiteElo "1679"]
[BlackElo "1842"]

1. d4 e6 2. e4 d5 3. e5 Nc6 4. Bb5 Bd7 5. c3 a6 6. Bd3 Qe7 7. Nf3 h6 8. Bf4
O-O-O 9. a3 f6 10. O-O g5 11. Bd2 g4 12. Nh4 h5 13. Ng6 Qh7 14. Nxf8 Qg7 15. Ng6
f5 16. Nxh8 Qxh8 17. g3 h4 18. Bg5 hxg3 19. fxg3 Rf8 20. Qe2 Nb8 21. b4 Qh5 22.
Bf4 Ne7 23. a4 Ng6 24. c4 c6 25. Nc3 Be8 26. b5 Rh8 27. cxd5 cxd5 28. Rac1 Kd8
29. Nxd5 exd5 30. e6 Ne7 31. Bxb8 Bg6 32. Rf4 Qg5 33. Qe5 Qh5 34. Qc7+ Ke8 35.
Qd7+ Kf8 36. Rc2 Qg5 37. Bd6 Rh7 38. Qd8+ Be8 39. Rxf5+ 1-0

[Event "Challenge"]
[Site "http://www.queenalice.com/game.php?id=683003"]
[Date "2009.11.14"]
[Round "-"]
[White "thedead"]
[Black "hamid1"]
[Result "1-0"]
[WhiteElo "1690"]
[BlackElo "1681"]

1. e4 e5 2. Nf3 d6 3. h3 f5 4. d3 f4 5. Nc3 Be6 6. Bd2 g5 7. Be2 Nd7 8. Nh2 Ngf6
9. Ng4 h5 10. Nxf6+ Qxf6 11. Bxh5+ Bf7 12. Bxf7+ Qxf7 13. Nb5 Nc5 14. a3 a6 15.
Nc3 Ne6 16. f3 Nd4 17. Ne2 Nb5 18. c3 c6 19. Qc2 Qh7 20. O-O-O O-O-O 21. Be1 Qc7
22. Bf2 Bg7 23. a4 Nxc3 24. Qxc3 b5 25. axb5 axb5 26. Be1 Kd7 27. Kc2 Ra8 28.
Qb3 d5 29. exd5 cxd5+ 30. Kb1 d4 31. Qxb5+ Ke6 32. Qc4+ Qxc4 33. dxc4 Rhd8 34.
Rd3 Bf8 35. Bf2 Bc5 36. Re1 Ra4 37. Nxd4+ Bxd4 38. Bxd4 Rxc4 39. Rxe5+ Kf7 40.
Rxg5 Rdc8 41. Bc3 Rb8 42. Rg4 Re8 43. Kc2 Re2+ 44. Kb3 Rc6 45. Rxf4+ Rf6 46.
Rxf6+ 1-0

[Event "Let's Play Chess!"]
[Site "http://www.queenalice.com/game.php?id=695434"]
[Date "2009.12.10"]
[Round "-"]
[White "constantin"]
[Black "hamid1"]
[Result "0-1"]
[WhiteElo "1859"]
[BlackElo "1701"]

1. e4 e5 2. f4 Nc6 3. Bc4 d6 4. Nf3 Na5 5. d3 Nxc4 6. dxc4 f5 7. O-O fxe4 8. Ne1
Nf6 9. Nc3 Bg4 10. Qd2 d5 11. fxe5 Bc5+ 12. Kh1 Nh5 13. Qg5 Qxg5 14. Bxg5 h6 15.
Bc1 c6 16. cxd5 Ke7 17. d6+ Ke6 18. Nxe4 Rhf8 19. Nxc5+ Kxe5 20. Ncd3+ Kxd6 21.
Bf4+ Kd5 22. g3 g5 23. Nb4+ Ke4 24. Ng2 gxf4 25. Rae1+ Kd4 26. Nxf4 a5 27. Ne6+
Bxe6 28. Rxf8 Rxf8 29. Rxe6 axb4 30. Rxh6 Nf6 31. Kg2 Nd5 32. Rh4+ Kc5 33. Rh5
Re8 34. Kf3 Kb6 35. g4 Ka6 36. g5 Rf8+ 37. Kg3 Nf4 38. Rh6 Rf7 39. g6 Rf6 40.
Rh4 Ne2+ 41. Kg2 Rxg6+ 42. Kf3 Ng1+ 43. Kf2 c5 44. Rc4 Nh3+ 45. Kf3 Rf6+ 46. Kg4
Nf2+ 47. Kg3 Nh1+ 48. Kg2 Nf2 49. h4 b6 50. h5 Nd1 51. Rh4 Ne3+ 52. Kh3 Rh6 53.
c3 Nf5 54. Rf4 Rxh5+ 55. Kg4 bxc3 56. bxc3 Rh2 57. Rxf5 Rxa2 58. c4 Rg2+ 59. Kh3
Rc2 60. Rf4 Ka5 61. Kg3 Kb4 62. Kf3 Rxc4 63. Rxc4+ Kxc4 64. Ke2 Kc3 65. Kd1 b5
66. Kc1 b4 67. Kb1 b3 68. Kc1 c4 69. Kb1 Kb4 70. Kb2 c3+ 71. Kb1 Ka3 72. Kc1 c2
73. Kd2 Kb2 74. Kd3 c1=Q 75. Kd4 Qf4+ 76. Kc5 Ka3 77. Kd5 b2 78. Kc6 b1=Q 79.
Kd7 Qb6 80. Ke7 Qfc7+ 0-1

[Event "Let's Play Chess!"]
[Site "http://www.queenalice.com/game.php?id=695588"]
[Date "2009.12.10"]
[Round "-"]
[White "hamid1"]
[Black "Panzer85"]
[Result "0-1"]
[WhiteElo "1702"]
[BlackElo "1574"]

1. e4 e5 2. d3 Nf6 3. Nf3 Nc6 4. Bg5 Be7 5. h3 d5 6. exd5 Nxd5 7. Bxe7 Qxe7 8.
c4 Qb4+ 9. Qd2 Nf4 10. Nxe5 Nxe5 11. Qxb4 Nexd3+ 12. Kd2 Nxb4 13. a3 Nc6 14. Nc3
Bf5 15. Re1+ Be6 16. g3 Ng6 17. Nd5 O-O-O 18. Kc3 Bxd5 19. cxd5 Rxd5 20. Bc4 Rd4
21. Bxf7 Rf8 22. Be6+ Kb8 23. f4 Rfd8 24. Bc4 Nge7 25. h4 a6 26. a4 Na5 27. Bxa6
bxa6 28. Rxe7 Rc4# 0-1

[Event "AUTO-ADV-1589"]
[Site "http://www.queenalice.com/game.php?id=704858"]
[Date "2009.12.28"]
[Round "1"]
[White "rodriguesr"]
[Black "hamid1"]
[Result "1-0"]
[WhiteElo "2045"]
[BlackElo "1665"]

1. d4 d5 2. c4 dxc4 3. e4 e6 4. Bxc4 Nc6 5. Nf3 a6 6. Nc3 b5 7. Bb3 Bb4 8. O-O
Nf6 9. Bg5 h6 10. Bh4 O-O 11. e5 g5 12. Bxg5 hxg5 13. exf6 Qxf6 14. Ne4 Qf5 15.
Nfxg5 Qg6 16. Bc2 Be7 17. Qd2 Nxd4 18. Qxd4 Bxg5 19. Nxg5 Qxc2 20. Rac1 Qg6 21.
Rc3 f6 22. Nxe6 Bxe6 23. Rg3 Qxg3 24. hxg3 Bxa2 25. Re1 Rad8 26. Qg4+ Kf7 27.
Qf4 Rd7 28. g4 Rg8 29. Ra1 Rh8 30. f3 Bc4 31. Rxa6 Be6 32. g5 Rg8 33. Qxf6+ Ke8
34. Ra8+ Rd8 35. Rxd8# 1-0

[Event "AUTO-ADV-1589"]
[Site "http://www.queenalice.com/game.php?id=704859"]
[Date "2009.12.28"]
[Round "1"]
[White "hamid1"]
[Black "rodriguesr"]
[Result "0-1"]
[WhiteElo "1663"]
[BlackElo "2047"]

1. e4 Nf6 2. e5 Nd5 3. c4 Nb6 4. c5 Nd5 5. d4 d6 6. Bc4 Be6 7. Nf3 dxc5 8. dxc5
g6 9. Nc3 c6 10. Ng5 Bg7 11. Nxe6 fxe6 12. Qe2 Nd7 13. f4 Nxc5 14. b4 Nxb4 15.
O-O Nd5 16. Ne4 Nxe4 17. Qxe4 O-O 18. Ba3 b5 19. Bb3 a5 20. Rad1 Qc7 21. Bb2 a4
22. Bxd5 exd5 23. Qe3 Qa7 24. Bd4 Qd7 25. e6 Qc8 26. Bxg7 Kxg7 27. Qe5+ Kg8 28.
f5 Qb8 29. Qc3 Qb6+ 30. Kh1 b4 31. Qg3 Qb8 32. Qg5 Qe8 33. h4 Ra5 34. Rd4 b3 35.
h5 b2 36. hxg6 hxg6 37. Rdf4 d4 38. g4 Rb5 39. Kg2 b1=Q 40. Qxg6+ Qxg6 41. fxg6
Rxf4 42. Rxf4 Rb2+ 43. Kg3 Qe1+ 44. Kh3 Qg1 45. Kh4 Qh2+ 46. Kg5 Rb5+ 47. Rf5
Rxf5+ 48. gxf5 Qg3+ 49. Kh6 Qh4# 0-1

[Event "AUTO-ADV-1589"]
[Site "http://www.queenalice.com/game.php?id=704872"]
[Date "2009.12.28"]
[Round "1"]
[White "SloVice"]
[Black "hamid1"]
[Result "1-0"]
[WhiteElo "1833"]
[BlackElo "1680"]

1. e4 e5 2. Nf3 d6 3. Bc4 Nf6 4. d3 d5 5. exd5 Nxd5 6. O-O Bg4 7. Nbd2 h5 8. h3
Bxf3 9. Nxf3 Nc6 10. Re1 Bd6 11. Bxd5 Bb4 12. Bxc6+ bxc6 13. Rxe5+ Kf8 14. Ng5
Bd6 15. Rf5 Qd7 16. Rxf7+ Qxf7 17. Nxf7 Kxf7 18. Qf3+ Kg8 19. Qxc6 Kh7 20. Be3
Rae8 21. Kf1 Re7 22. Re1 Rhe8 23. Bd2 Re5 24. Rxe5 Bxe5 25. Bc3 Re7 26. Bxe5
Rxe5 27. Qxc7 Rb5 28. Qxa7 Rxb2 29. Qa4 g6 30. g4 Rb1+ 31. Kg2 hxg4 32. Qxg4 Ra1
33. Qc4 Kh6 34. d4 Kh5 35. d5 g5 36. Qg4+ 1-0

[Event "AUTO-ADV-1589"]
[Site "http://www.queenalice.com/game.php?id=704873"]
[Date "2009.12.28"]
[Round "1"]
[White "hamid1"]
[Black "SloVice"]
[Result "1-0"]
[WhiteElo "1670"]
[BlackElo "1859"]

1. e4 c5 2. Bc4 e6 3. e5 d5 4. Bb5+ Bd7 5. Bxd7+ Nxd7 6. Nf3 Qc7 7. d4 cxd4 8.
Nxd4 Nxe5 9. Bf4 Bb4+ 10. c3 Bd6 11. Nb5 Qb8 12. O-O a6 13. Nxd6+ Qxd6 14. Re1
f6 15. Na3 b5 16. Nc2 Ne7 17. a4 O-O 18. Nd4 N7g6 19. Bg3 Qd7 20. Qh5 bxa4 21.
Qd1 Rfb8 22. b3 axb3 23. Ra5 b2 24. Qc2 Kf7 25. Rb1 Qb7 26. Ra3 h5 27. Rb3 Qc7
28. R1xb2 Rxb3 29. Rxb3 Rb8 30. Ra3 h4 31. Bxe5 Nxe5 32. Rxa6 Qxc3 33. Ra7+ Nd7
34. Qd1 Ke7 35. h3 Rc8 36. Ne2 Qe5 37. Nd4 Rc7 38. Ra6 Nc5 39. Nc6+ Rxc6 40.
Rxc6 Nd7 41. Qc1 Ke8 42. Rc8+ Kf7 43. Rc7 Ke8 44. Qc6 1-0

[Event "AUTO-ADV-1589"]
[Site "http://www.queenalice.com/game.php?id=704882"]
[Date "2009.12.28"]
[Round "1"]
[White "hamid1"]
[Black "Maffu"]
[Result "1-0"]
[WhiteElo "1661"]
[BlackElo "1727"]

1. e4 c6 2. Bc4 d5 3. exd5 cxd5 4. Bb5+ Bd7 5. Bxd7+ Nxd7 6. d4 Ngf6 7. Nf3 Qc7
8. c3 g6 9. Na3 Bg7 10. O-O O-O 11. Re1 Rae8 12. Nb5 Qb8 13. g3 a6 14. Bf4 Qd8
15. Nc7 e5 16. Nxe8 Rxe8 17. dxe5 Nh5 18. Bg5 Qb6 19. b4 Nxe5 20. Qxd5 Nf6 21.
Bxf6 Bxf6 22. Nxe5 Bxe5 23. Rxe5 Rd8 24. Qf3 Rd2 25. a3 Qc7 26. Re8+ Kg7 27. Rd1
Rc2 28. Rdd8 Rxc3 29. Rg8+ Kh6 30. Qf6 Rc1+ 31. Kg2 Qc2 32. Qf4+ Kh5 33. Rd5+ f5
34. Kh3 Qc4 35. g4# 1-0

[Event "AUTO-ADV-1589"]
[Site "http://www.queenalice.com/game.php?id=704883"]
[Date "2009.12.28"]
[Round "1"]
[White "Maffu"]
[Black "hamid1"]
[Result "1-0"]
[WhiteElo "1694"]
[BlackElo "1694"]

1. d4 d5 2. e3 e6 3. Bd3 Nf6 4. f4 c5 5. c3 c4 6. Bc2 Ne4 7. Nf3 Qa5 8. O-O Nxc3
9. Nxc3 b5 10. a4 b4 11. Ne2 c3 12. bxc3 bxc3 13. Ng5 f5 14. Ba3 Nd7 15. Nxe6 g6
16. Nxf8 Nxf8 17. Rb1 Nd7 18. Bb4 Qa6 19. Nxc3 Nb6 20. Bd3 Qb7 21. Qb3 a5 22.
Bc5 Nd7 23. Qxd5 Qxd5 24. Nxd5 Nxc5 25. Nc7+ Kd8 26. Nxa8 Nxd3 27. Rfd1 Nb4 28.
Rdc1 Be6 29. Nb6 Ke7 30. Rc7+ Kf6 31. Nd7+ Ke7 32. Ne5+ Kd6 33. Rbc1 Kd5 34. Nf7
Bxf7 35. Rxf7 Re8 36. Rc5+ Kd6 37. Rxa5 Rxe3 38. Rxh7 Nd3 39. h4 Nxf4 40. Ra6+
Kd5 41. Rd7+ Kc4 42. Rc6+ Kd3 43. a5 Ke2 44. Rb7 Ra3 45. a6 Ra1+ 46. Kh2 Kf2 47.
Rb2+ Kf1 48. Rcc2 Nd3 49. Ra2 Re1 50. a7 Nb4 51. Rf2# 1-0

[Event "AUTO-ADV-1636"]
[Site "http://www.queenalice.com/game.php?id=724159"]
[Date "2010.2.1"]
[Round "1"]
[White "Ettedualc"]
[Black "hamid1"]
[Result "0-1"]
[WhiteElo "1481"]
[BlackElo "1731"]

1. g4 e6 2. Bg2 Nf6 3. g5 Nh5 4. d3 g6 5. h4 d5 6. Nh3 Bg7 7. c4 c6 8. cxd5 cxd5
9. Qa4+ Bd7 10. Qb3 Qa5+ 11. Bd2 Qb6 12. Qxb6 axb6 13. Bc3 Bxc3+ 14. Nxc3 b5 15.
b4 Na6 16. a3 Nc7 17. O-O Ra6 18. Rac1 Bc6 19. Nd1 Rxa3 20. Ne3 Na6 21. Rb1 Ng7
22. Nc2 Ra2 23. Nd4 O-O 24. Rfe1 e5 25. Nxc6 bxc6 26. f4 Re8 27. fxe5 Rxe5 28.
Rbc1 Nxb4 29. Bf3 Nf5 30. h5 Re3 31. hxg6 hxg6 32. Nf4 Nc2 33. Rf1 b4 34. Kf2 b3
35. Rh1 Kf8 36. Rh8+ Ke7 37. Bg4 d4 38. Bxf5 gxf5 39. Rh7 Kf8 40. Ng2 Re6 41.
Nf4 Kg8 42. Rh3 Re5 43. Rh6 b2 0-1

[Event "AUTO-ADV-1636"]
[Site "http://www.queenalice.com/game.php?id=724160"]
[Date "2010.2.1"]
[Round "1"]
[White "hamid1"]
[Black "Ettedualc"]
[Result "0-1"]
[WhiteElo "1716"]
[BlackElo "1747"]

1. e3 d6 2. d4 g6 3. Bd3 Bg7 4. Ne2 Nf6 5. Nf4 O-O 6. Nc3 a6 7. g4 Bxg4 8. f3
Bd7 9. h4 h5 10. Rg1 Bh6 11. Nxg6 fxg6 12. Rxg6+ Kf7 13. Rxh6 Rh8 14. e4 Rxh6
15. Bxh6 Qg8 16. e5 Qg1+ 17. Kd2 Qh2+ 18. Ne2 Qxh4 19. exf6 Qxf6 20. Be3 Nc6 21.
c3 Rh8 22. Bc4+ Be6 23. d5 Nd8 24. Nf4 h4 25. Qb3 Bf5 26. Bd4 Qh6 27. Ke3 Rh7
28. Bd3 Bxd3 29. Rg1 h3 30. c4 Bf5 31. Qd1 h2 32. Rh1 e5 33. Bxe5 dxe5 34. c5
Qxf4+ 35. Kf2 e4 36. Qe1 Qxf3# 0-1

[Event "AUTO-ADV-1636"]
[Site "http://www.queenalice.com/game.php?id=724171"]
[Date "2010.2.1"]
[Round "1"]
[White "luizpessoa"]
[Black "hamid1"]
[Result "1/2-1/2"]
[WhiteElo "1699"]
[BlackElo "1701"]

1. e4 e5 2. Nf3 d6 3. Bc4 Nh6 4. d3 Be6 5. Bxe6 fxe6 6. Bxh6 gxh6 7. h3 Nc6 8.
Nc3 Nd4 9. Nxd4 exd4 10. Ne2 e5 11. Ng3 Qg5 12. Qh5+ Qxh5 13. Nxh5 O-O-O 14. Nf6
Be7 15. Nd5 Bf8 16. O-O-O h5 17. f4 c6 18. Nf6 h4 19. f5 Be7 20. Ng4 h5 21. Nf2
Rhg8 22. Rdg1 Bg5+ 23. Kd1 Be3 24. Ke2 Bf4 25. b3 Rg3 26. Nd1 d5 27. Rh2 dxe4
28. Rf1 e3 29. c3 c5 30. c4 Rdg8 31. Rg1 a6 32. Nb2 Rf8 33. Na4 Rxf5 34. Nxc5 e4
35. Nxe4 Re5 36. Nxg3 Bxg3 37. Rhh1 Kc7 38. Rf1 Bf2 39. Rb1 Kc6 40. a3 Ra5 41.
a4 Bg3 42. Rhf1 Bd6 43. Rf7 Rg5 44. Kf1 e2+ 45. Kxe2 Rxg2+ 46. Rf2 Rg3 47. Rh1
Re3+ 48. Kd2 Bb4+ 49. Kc2 Bd6 50. Rf5 b5 51. cxb5+ axb5 52. axb5+ Kb7 53. Rd1
Rxh3 54. Rxh5 Be7 55. Rh7 Re3 56. Rd2 Kb6 57. Rh5 Bc5 58. Rxh4 Kxb5 59. Rhh2 Bd6
60. Rhg2 Bb4 61. Rde2 Kc6 62. Rxe3 dxe3 63. Rg6+ Kd5 64. Rg4 e2 65. Re4 e1=Q 66.
Rxe1 Bxe1 67. Kb2 Kd4 68. Ka3 Kxd3 69. b4 Kc4 70. b5 Kxb5 71. Kb3 Bb4 72. Kc2
Kc4 73. Kd1 Kd3 74. Kc1 Ke2 1/2-1/2

[Event "AUTO-ADV-1636"]
[Site "http://www.queenalice.com/game.php?id=724172"]
[Date "2010.2.1"]
[Round "1"]
[White "hamid1"]
[Black "luizpessoa"]
[Result "1-0"]
[WhiteElo "1700"]
[BlackElo "1699"]

1. e3 e5 2. d4 e4 3. d5 d6 4. Nc3 Nf6 5. Nh3 Bxh3 6. gxh3 Be7 7. Bg2 h6 8. Nxe4
Nxd5 9. Qxd5 c6 10. Qd4 Na6 11. Qxg7 Kd7 12. Qxf7 Kc8 13. Bf3 Nc5 14. Nxc5 dxc5
15. Bg4+ Kb8 16. e4 a6 17. Bd2 Rf8 18. Qc4 Bh4 19. O-O-O Bxf2 20. Bf4+ Ka7 21.
Rxd8 Raxd8 22. Bxh6 Rfe8 23. Rd1 Rxd1+ 24. Kxd1 Bd4 25. Bf3 Rg8 26. Qxg8 Bxb2
27. a4 Kb6 28. Qd8+ Ka7 29. Be3 Bd4 30. Bxd4 cxd4 31. Qxd4+ Kb8 32. e5 b5 33. e6
bxa4 34. e7 Kb7 35. e8=Q a3 36. Qxc6+ Kb8 37. Qdb6# 1-0

[Event "Challenge"]
[Site "http://www.queenalice.com/game.php?id=731562"]
[Date "2010.2.14"]
[Round "-"]
[White "ORNELAS"]
[Black "hamid1"]
[Result "1-0"]
[WhiteElo "1662"]
[BlackElo "1718"]

1. d4 e6 2. c3 d5 3. Nf3 Bd7 4. Bf4 g5 5. Bxg5 f6 6. Bh4 Nh6 7. Ne5 Bb5 8. Nf3
Nc6 9. g3 Qd6 10. Bxf6 Nf7 11. Bxh8 Nxh8 12. Nbd2 Bg7 13. a4 Ba6 14. Bg2 Nf7 15.
b4 Bc4 16. O-O O-O-O 17. Nxc4 1-0

[Event "Challenge"]
[Site "http://www.queenalice.com/game.php?id=742077"]
[Date "2010.3.6"]
[Round "-"]
[White "Balrog"]
[Black "hamid1"]
[Result "1/2-1/2"]
[WhiteElo "1912"]
[BlackElo "1723"]

1. e4 d6 2. Bc4 e6 3. Nf3 d5 4. exd5 exd5 5. Bb3 Nc6 6. O-O g6 7. c3 Bg4 8. Re1+
Nge7 9. d4 Bg7 10. Bg5 f6 11. Bf4 g5 12. Bg3 f5 13. Nxg5 Bxd1 14. Ne6 Bxb3 15.
Nxd8 Kxd8 16. axb3 Re8 17. Bh4 Kd7 18. Nd2 Ng6 19. Nf3 Rxe1+ 20. Rxe1 Nxh4 21.
Nxh4 Ne7 22. f4 b6 23. Kf2 c5 24. Rd1 Rc8 25. dxc5 bxc5 26. Nf3 c4 27. b4 Bf6
28. h4 h5 29. g3 Kd6 30. Nd2 Ke6 31. Ra1 Rc7 32. Ra6+ Kf7 33. Nf3 Nc8 34. Ng5+
Bxg5 35. hxg5 Rb7 36. Rf6+ Kg7 37. Rxf5 Ne7 38. Re5 Kg6 39. Re6+ Kf7 40. Rh6 a5
41. Rxh5 axb4 42. g4 Rb6 43. Rh7+ Kf8 44. Ke3 bxc3 45. bxc3 Re6+ 46. Kf3 Kg8 47.
Rh3 Re4 48. f5 Nc6 49. Rh4 Ne5+ 50. Kg3 d4 51. cxd4 Rxd4 52. Rh1 Nxg4 53. Re1 c3
54. Rc1 Ne3 55. Rxc3 Nxf5+ 56. Kf3 Kf7 57. Rc6 Nh4+ 58. Kg3 Ng6 59. Rb6 Nh4 60.
Rf6+ Kg7 1/2-1/2

[Event "AUTO-ADV-1636"]
[Site "http://www.queenalice.com/game.php?id=809836"]
[Date "2010.7.28"]
[Round "2"]
[White "KennyB"]
[Black "hamid1"]
[Result "1-0"]
[WhiteElo "1935"]
[BlackElo "1728"]

1. e4 d6 2. d4 e6 3. Nf3 Ne7 4. Nc3 c6 5. Bd3 g6 6. Bg5 Qa5 7. O-O e5 8. dxe5
dxe5 9. Qd2 Qb6 10. Nxe5 h6 11. Nc4 Qd4 12. Be3 Qd7 13. Rad1 Bg7 14. e5 O-O 15.
Bxh6 1-0

[Event "AUTO-ADV-1636"]
[Site "http://www.queenalice.com/game.php?id=809837"]
[Date "2010.7.28"]
[Round "2"]
[White "hamid1"]
[Black "KennyB"]
[Result "0-1"]
[WhiteElo "1720"]
[BlackElo "1943"]

1. e3 e6 2. g3 d5 3. Ne2 Nf6 4. d4 Nc6 5. Bg2 Bd6 6. Nbc3 a6 7. a3 Bd7 8. O-O
O-O 9. Qd3 Re8 10. e4 dxe4 11. Nxe4 Nxe4 12. Bxe4 Qf6 13. Bxh7+ Kh8 14. Be4 e5
15. f4 exd4 16. b4 Re7 0-1

[Event "AUTO-ADV-1636"]
[Site "http://www.queenalice.com/game.php?id=809838"]
[Date "2010.7.28"]
[Round "2"]
[White "animis"]
[Black "hamid1"]
[Result "1-0"]
[WhiteElo "1898"]
[BlackElo "1713"]

1. d4 d5 2. c4 e6 3. Nf3 dxc4 4. e4 b5 5. Be2 Nf6 6. Qc2 Nc6 7. Be3 Bb4+ 8. Nc3
a6 9. Nd2 Nxd4 10. Bxd4 Qxd4 11. O-O Bb7 12. Rad1 Qe5 13. f4 Qc5+ 14. Kh1 O-O
15. Bf3 e5 16. f5 Rad8 17. a3 Bxc3 18. bxc3 Qxa3 19. Ra1 Qd6 20. Rad1 Qd3 21.
Qc1 a5 22. Nb1 1-0

[Event "AUTO-ADV-1636"]
[Site "http://www.queenalice.com/game.php?id=809839"]
[Date "2010.7.28"]
[Round "2"]
[White "hamid1"]
[Black "animis"]
[Result "0-1"]
[WhiteElo "1737"]
[BlackElo "1918"]

1. e3 e5 2. Bc4 d5 3. Be2 Nf6 4. d4 Nc6 5. dxe5 Nxe5 6. f4 Nc6 7. b3 Bd6 8. g4
Ne4 9. Ba3 Qh4+ 10. Kf1 Qf2# 0-1